000 00195 a2200097 4500
020 _a9780198603719
041 _aeng
100 _aLast, First
245 _aOxford paperback thesaurus
942 _cBK
999 _c10913
_d10913